Protocolo para la estimación nacional y subnacional de biomasa-carbono en Colombia (Registro nro. 7692)

Detalles MARC
000 -CABECERA
Campo de control 01145nam a22002537a 4500
005 - FECHA Y HORA DE LA ULTIMA TRANSACCION
Campo de control 20170127020001.0
008 - ELEMENTOS DE LONGITUD FIJA—INFORMACION GENERAL
Campo de control 131029b2011 ck ||||| |||| 00| 0 spa d
020 ## - ISBN
ISBN 9789588067346
041 ## - IDIOMA
Código de idioma para texto/pista de sonido o título separado Español
044 ## - PAÍS DE PUBLICACIÓN
País de publicación Colombia
082 ## - NUMERO DE CLASIFICACION DECIMAL DEWEY
Número de clasificación 333.74
Número del ítem I19p
245 ## - MENCION DE TITULO
Título Protocolo para la estimación nacional y subnacional de biomasa-carbono en Colombia
Mención de responsabilidad editado por Adriana Patricia Yepes ... [et al]
260 ## - PUBLICACION, DISTRIBUCION, ETC. (PIE DE IMPRENTA)
Lugar de publicación, distribución, etc. Bogotá
Nombre del editor, distribuidor, etc. Instituto de Hidrología, Meteorología y Estudios Ambientales, IDEAM
Fecha de publicación, distribución, etc. 2011
300 ## - DESCRIPCION FISICA
Extensión 161 p.
Otros detalles físicos il.
Dimensiones 30 cm.
520 ## - NOTA DE RESUMEN, ETC.
Nota de resumen Esta publicación tiene como objetivo general proporcionar herramientas técnicas, metodológicas y estándares para la estimación nacional y sub-nacional de biomasa-carbono en Colombia en el marco de proyectos REDD
650 ## - ASIENTO SECUNDARIO DE MATERIA - TERMINO TEMATICO
Término temático o nombre geográfico como elemento de entrada Proyecto REDD
650 ## - ASIENTO SECUNDARIO DE MATERIA - TERMINO TEMATICO
Término temático o nombre geográfico como elemento de entrada Biomasa
Subdivisión de forma Protocolos
650 ## - ASIENTO SECUNDARIO DE MATERIA - TERMINO TEMATICO
Término temático o nombre geográfico como elemento de entrada Carbono
Subdivisión general Bosques
Subdivisión geográfica Colombia
700 ## - ASIENTO SECUNDARIO - NOMBRE PERSONAL
Nombre personal Duque-Montoya, Alvaro Javier
Fechas asociadas con el nombre ed
700 ## - ASIENTO SECUNDARIO - NOMBRE PERSONAL
Nombre personal Navarrete-Encinales, Diego Alejandro
Fechas asociadas con el nombre ed
700 ## - ASIENTO SECUNDARIO - NOMBRE PERSONAL
Nombre personal Yepes-Quintero, Adriana, Patricia
Fechas asociadas con el nombre ed
700 ## - ASIENTO SECUNDARIO - NOMBRE PERSONAL
Nombre personal Phillips-Bernal, Juan Fernando
Fechas asociadas con el nombre ed
942 ## - ELEMENTOS ADICIONALES (KOHA)
Sistema de clasificación Dewey Decimal Classification
Tipo de ítem Impreso
Koha issues (borrowed), all copies 1
Existencias
Withdrawn status Lost status Sistema de Clasificación Damaged status No para préstamo Colección Inventariado Ubicación Permanente Ubicación actual Fecha de adquisición Fuente de Valor Valor Total Checkouts Número topográfico Inventario / Código de Barras Date last seen Date checked out Ejemplar Price effective from Forma de adquisición Tipo de material
    Dewey Decimal Classification     General Inventariado 2017 Bogotá Bogotá 29/10/2013 Instituto 39000.00 1 LB-333.74 I19p 028957 26/01/2017 26/01/2017 Ej. 1 29/10/2013   Libro
    Dewey Decimal Classification     General Inventariado 2017 Sala Fabio Quevedo Sala Fabio Quevedo 29/10/2013 Instituto 39000.00   LB-333.74 I19p 029127 29/10/2013   Ej. 2 29/10/2013   Libro